Some essays on utilitarianism / (Record no. 146678)
[ view plain ]
| 000 -LEADER | |
|---|---|
| fixed length control field | 00689nam a22002057a 4500 |
| 005 - DATE AND TIME OF LATEST TRANSACTION | |
| control field | 20171017111033.0 |
| 010 ## - LCCN (DPL NO) | |
| LC control number | ENG-121004 |
| 020 ## - INTERNATIONAL STANDARD BOOK NUMBER | |
| International Standard Book Number | 9789380336558 |
| Terms of availability | 450.00 |
| 035 ## - SYSTEM CONTROL NUMBER | |
| System control number | EN-104536 |
| 037 ## - SOURCE OF ACQUISITION | |
| Source of stock number/acquisition | DBAD/PUB |
| 082 ## - DEWEY DECIMAL CLASSIFICATION NUMBER | |
| Classification number | 171.5 |
| 245 ## - TITLE STATEMENT | |
| Title | Some essays on utilitarianism / |
| Statement of responsibility, etc | editor by Uma Chattopadhyay Mahjabeen Jahan [and ] Pralayankar Bhattacharyya |
| 260 ## - PUBLICATION, DISTRIBUTION, ETC. (IMPRINT) | |
| Place of publication, distribution, etc | Kolkata |
| Name of publisher, distributor, etc | University of calcutta |
| Date of publication, distribution, etc | 2012 |
| 270 ## - ADDRESS | |
| Address | 4-A bankim Chatterjee street, college square |
| City | Kolkata |
| Postal code | 700073 |
| 300 ## - PHYSICAL DESCRIPTION | |
| Extent | vii,180p. |
| Dimensions | 22cm(Hb) |
| 700 ## - ADDED ENTRY--PERSONAL NAME | |
| Personal name | Chattopadhyay, Uma |
| 700 ## - ADDED ENTRY--PERSONAL NAME | |
| Personal name | Jahan, Mahjabeen |
| 700 ## - ADDED ENTRY--PERSONAL NAME | |
| Personal name | Bhattacharyy, Pralayankar |
| 942 ## - ADDED ENTRY ELEMENTS (KOHA) | |
| Source of classification or shelving scheme | Dewey Decimal Classification |
| Item type | English Books |
| Classification part | 171.5 |
| Call number suffix | SOM |
| Withdrawn status | Lost status | Not for loan | Collection code | Home library | Current library | Date acquired | Source of acquisition | Cost, normal purchase price | Full call number | Barcode | Copy number | Cost, replacement price | Koha item type |
|---|---|---|---|---|---|---|---|---|---|---|---|---|---|
| Non-fiction | Ashok Vihar | Ashok Vihar | 16/10/2017 | DBAD/PUB | 450.00 | 171.5 SOM | EN-104536 | 1 | 450.00 | English Books |
